| 000 | 01988nam a2200493 c 4500 | ||
|---|---|---|---|
| 001 | 4645 | ||
| 003 | ES-MaCES | ||
| 005 | 20160630120138.0 | ||
| 008 | 960919s1995 fr ||| | fre d | ||
| 020 | _a9264244034 | ||
| 035 | _aCES19980046819m | ||
| 040 |
_aES-MaCES _bspa _cES-MaCES |
||
| 111 | 2 |
_aForo Internacional sobre Perspectivas Latinoamericanas _n5º _d1994 _cParís _9171 |
|
| 245 | 1 | 0 |
_aTensions sociales, création d'emplois et politique économique en Amérique latine _c[Ve Forum international sur les perspectives latino-américaines, organiz. par la Banque interaméricaine de développement et le Centre de Développement de l'OCDE] ; sous la direction de David Turnham, Colm Foy et Guillermo Larraín |
| 260 |
_aParis _bOrganisation de coopération et de développement économiques _ccop. 1995 |
||
| 300 |
_a418 p. _c23 cm |
||
| 504 | _aBibliografía: p. 403-405 | ||
| 541 | _cCompra | ||
| 650 | 4 |
_aAmérica Latina _926882 |
|
| 650 | 4 |
_acondiciones económicas _927081 |
|
| 650 | 4 |
_acondiciones sociales _930469 |
|
| 650 | 4 |
_areforma económica _929791 |
|
| 650 | 4 |
_aliberalización del intercambio _928000 |
|
| 650 | 4 |
_areforma social _927030 |
|
| 650 | 4 |
_apolítica económica _927025 |
|
| 650 | 4 |
_apolítica social _927029 |
|
| 650 | 4 |
_adesarrollo político _929225 |
|
| 650 | 4 |
_amercado de trabajo _928292 |
|
| 650 | 4 |
_adesempleo _928308 |
|
| 650 | 4 |
_acapital humano _929498 |
|
| 650 | 4 |
_apobreza _927112 |
|
| 653 | 1 | 0 | _aDesarrollo regional |
| 650 | 4 |
_928300 _apolítica de empleo |
|
| 650 | 4 |
_929234 _adesarrollo económico y social |
|
| 650 | 4 |
_929242 _acreación de empleos |
|
| 700 | 1 |
_aTurnham, David _925267 |
|
| 700 | 1 |
_aFoy, Colm _912324 |
|
| 700 | 1 |
_aLarraín, Guillermo _916222 |
|
| 710 | 2 |
_aOrganización de Cooperación y Desarrollo Económico _bCentro de Desarrollo _94695 |
|
| 710 | 2 |
_91602 _aBanco Interamericano de Desarrollo |
|
| 902 | _aLIB Libro | ||
| 942 |
_2CES _cBK _h1.1. |
||
| 999 |
_c4645 _d4645 |
||